| Tag |
First Indicator |
Second Indicator |
Subfields |
| LEADER |
00000cam a22000001i 4500 |
| 001 |
in00003715921 |
| 006 |
m |o d | |
| 007 |
cr |n||||||||| |
| 008 |
161013s2017 nyu ob 001 0 eng d |
| 005 |
20250816213050.8 |
| 020 |
|
|
|a 9781134969807 (electronic bk.)
|
| 020 |
|
|
|a 1134969805 (electronic bk.)
|
| 020 |
|
|
|z 9781138688667
|
| 020 |
|
|
|z 1138688665
|
| 020 |
|
|
|z 9781138688674
|
| 020 |
|
|
|z 1138688673
|
| 024 |
8 |
|
|a 40026460464
|
| 035 |
|
|
|a (NhCcYBP)ebc4709794
|
| 040 |
|
|
|a NhCcYBP
|c NhCcYBP
|d UtOrBLW
|
| 041 |
1 |
|
|a eng
|h ger
|
| 050 |
|
4 |
|a BF723.G68
|b M4513 2017
|
| 082 |
0 |
4 |
|a 155.6/46
|2 23
|
| 100 |
1 |
|
|a Meier, Isabelle,
|d 1956-
|0 http://id.loc.gov/authorities/names/n2016017905
|
| 240 |
1 |
0 |
|a Grosseltern-grosse Eltern.
|l English
|
| 245 |
1 |
0 |
|a Grandparents :
|b archetypal and clinical perspectives on grandparent-grandchild relationships /
|c Isabelle Meier.
|
| 250 |
|
|
|a 1 edition.
|
| 264 |
|
1 |
|a New York :
|b Routledge,
|c 2017.
|
| 300 |
|
|
|a 1 online resource.
|
| 336 |
|
|
|a text
|b txt
|2 rdacontent
|
| 337 |
|
|
|a computer
|b c
|2 rdamedia
|
| 338 |
|
|
|a online resource
|b cr
|2 rdacarrier
|
| 500 |
|
|
|a Originally published: Frankfurt am Main : Brandes & Apsel, 2015.
|
| 504 |
|
|
|a Includes bibliographical references and index.
|
| 505 |
0 |
|
|a Introduction -- Theoretical section -- Archetypes concept and emergence theory -- Symbols and analytical psychology -- Images of age in narratives (fairy tales, myths, stories and legends) -- Internal working models, complex and intersubjectivity -- Archetypal present moments -- Social significance of the grandparents-grandchild relationship -- Clinical section -- Intersubjectivity in clinical practice -- Clinical examples.
|
| 588 |
|
|
|a Description based on print version record.
|
| 500 |
|
|
|a Electronic resource.
|
| 650 |
|
0 |
|a Grandparent and child.
|0 http://id.loc.gov/authorities/subjects/sh85056409
|
| 650 |
|
0 |
|a Parent and child.
|0 http://id.loc.gov/authorities/subjects/sh85097980
|
| 650 |
|
0 |
|a Interpersonal relations.
|0 http://id.loc.gov/authorities/subjects/sh85067484
|
| 650 |
|
0 |
|a Clinical child psychology.
|0 http://id.loc.gov/authorities/subjects/sh85027063
|
| 655 |
|
7 |
|a Electronic books.
|2 local
|
| 710 |
2 |
|
|a ProQuest (Firm)
|0 http://id.loc.gov/authorities/names/n2007068018
|
| 776 |
1 |
8 |
|i Online version:
|a Meier, Isabelle, 1956-
|t Grandparents.
|b 1 Edition.
|d New York : Routledge, 2017
|z 9781315538099
|w (DLC) 2016016395
|
| 776 |
1 |
8 |
|c Original
|z 9781138688667
|z 1138688665
|z 9781138688674
|z 1138688673
|w (DLC) 2016014346
|
| 856 |
4 |
0 |
|u https://ebookcentral.proquest.com/lib/tamucs/detail.action?docID=4709794
|y Connect to the full text of this electronic book
|t 0
|
| 955 |
|
|
|a YBP purchased approval e-records
|
| 980 |
|
|
|b 218.75
|g 1
|
| 987 |
|
|
|a ybp13209108
|
| 999 |
f |
f |
|s a3baed78-0e12-3a45-bfd5-84e2ac27150c
|i 0164f790-5caf-391e-9ca7-90b673fa594d
|t 0
|
| 952 |
f |
f |
|a Texas A&M University
|b College Station
|c Electronic Resources
|d Available Online
|t 0
|e BF723.G68 M4513 2017
|h Library of Congress classification
|
| 998 |
f |
f |
|a BF723.G68 M4513 2017
|t 0
|l Available Online
|